| Tag |
First Indicator |
Second Indicator |
Subfields |
| LEADER |
00000cam a2200000 a 4500 |
| 001 |
in00000009273 |
| 005 |
20151007051519.0 |
| 008 |
870205s1986 rur b 00010 eng |
| 010 |
|
|
|a 87110275
|
| 020 |
|
|
|c 0.95rub
|
| 035 |
|
|
|a (OCoLC)14974419
|
| 035 |
|
|
|9 AAA3354AM
|
| 040 |
|
|
|a DLC
|c DLC
|d LCI
|d TXA
|d UtOrBLW
|
| 041 |
1 |
|
|a eng
|a rus
|
| 049 |
|
|
|a TXAM
|c [A12619676]
|
| 050 |
0 |
0 |
|a UB275
|b .V6413 1986
|
| 082 |
0 |
|
|a 327.1/4
|2 19
|
| 100 |
1 |
|
|a Volkogonov, Dmitriĭ Antonovich.
|
| 240 |
1 |
0 |
|a Psikhologicheskai͡a voĭna.
|l English
|
| 245 |
1 |
4 |
|a The psychological war /
|c D. Volkogonov ; [translated from the Russian by Sergei Chulaki].
|
| 264 |
|
1 |
|a Moscow :
|b Progress Publishers,
|c [1986]
|
| 264 |
|
4 |
|c ©1986
|
| 300 |
|
|
|a 239 pages ;
|c 17 cm.
|
| 336 |
|
|
|a text
|b txt
|2 rdacontent
|
| 337 |
|
|
|a unmediated
|b n
|2 rdamedia
|
| 338 |
|
|
|a volume
|b nc
|2 rdacarrier
|
| 500 |
|
|
|a Translation of: Psikhologicheskai︠a︡ voina.
|
| 504 |
|
|
|a Includes bibliographical references.
|
| 650 |
|
0 |
|a Psychological warfare.
|
| 999 |
|
|
|a MARS
|
| 999 |
f |
f |
|s 3fa5eadf-3382-38ce-8aa2-2d25ae9dbf01
|i abf59c9b-dcf9-3661-8014-f6069dcb1994
|t 0
|
| 952 |
f |
f |
|p normal
|a Texas A&M University
|b College Station
|c Sterling C. Evans Library
|s Evans stk
|d Evans: Library Stacks
|t 0
|e UB275 .V6413 1986
|h Library of Congress classification
|i unmediated -- volume
|m A14812619676
|
| 998 |
f |
f |
|a UB275 .V6413 1986
|t 0
|l Evans: Library Stacks
|